00432 a2200157 4500003000400000005001700004008004100021020001800062040000900080082002000089100002300109245008500132250001200217260003500229300001000264OSt20260324125504.0231206b |||||||| |||| 00| 0 eng d a9788184234992 coclc a892.7301bBUR/A aBurton, Richard F. aAyirathonnu Arabian Ravukal= Tales from 1001 Arabian nights /cRichard F. Burton a1st ed. aThrissur:bGreen Books,c2016. a776p.